000 00503nam a2200217Ia 4500
003 OSt
005 20221005124401.0
006 a|||||r|||| 00| 0
007 ta
008 221004b |||||||| |||| 00| 0 eng d
024 _a117791
037 _cTextual
040 _aCRL
_cCRL
_beng
041 _2eng
_aeng
100 _aAhuja H L
245 0 _aMudra Banking evm Antrashtrya vyapaar
260 _c1975
650 _aECONOMICS
942 _cTEXL
_2cc
999 _c1050298
_d1050298